Профессору В. К. Жукову - 70 лет; Известия Томского политехнического университета [Известия ТПУ]; Т. 311, № 5 : Управление, вычислительная техника и информатика

التفاصيل البيبلوغرافية
Parent link:Известия Томского политехнического университета [Известия ТПУ]/ Томский политехнический университет (ТПУ).— , 2000-
Т. 311, № 5 : Управление, вычислительная техника и информатика.— 2007.— [С. 145-146]
الملخص:Заглавие с титульного листа
Электронная версия печатной публикации
9 октября исполнилось 70 лет со дня рождения доктора технических наук, профессора Томского политехнического университета Владимира Константиновича Жукова.
اللغة:الروسية
منشور في: 2007
سلاسل:Наши юбиляры
الموضوعات:
الوصول للمادة أونلاين:http://www.lib.tpu.ru/fulltext/v/Bulletin_TPU/2007/v311/i5/31.pdf
التنسيق: الكتروني فصل الكتاب
KOHA link:https://koha.lib.tpu.ru/cgi-bin/koha/opac-detail.pl?biblionumber=172738

MARC

LEADER 00000nla2a2200000 4500
001 172738
005 20231031164346.0
035 |a (RuTPU)RU\TPU\book\187316 
035 |a RU\TPU\book\187314 
090 |a 172738 
100 |a 20091215d2007 k y0rusy50 ca 
101 0 |a rus 
102 |a RU 
135 |a drnn ---uucaa 
181 0 |a i  
182 0 |a b 
200 1 |a Профессору В. К. Жукову - 70 лет  |b Электронный ресурс 
203 |a Текст  |c электронный 
215 |a 1 файл (240 Кб) 
225 1 |a Наши юбиляры 
230 |a Электронные текстовые данные (1 файл : 240 Кб) 
300 |a Заглавие с титульного листа 
300 |a Электронная версия печатной публикации 
330 |a 9 октября исполнилось 70 лет со дня рождения доктора технических наук, профессора Томского политехнического университета Владимира Константиновича Жукова. 
337 |a Adobe Reader 
461 1 |0 (RuTPU)RU\TPU\book\176237  |t Известия Томского политехнического университета [Известия ТПУ]  |f Томский политехнический университет (ТПУ)  |d 2000- 
463 1 |0 (RuTPU)RU\TPU\book\187250  |t Т. 311, № 5 : Управление, вычислительная техника и информатика  |v [С. 145-146]  |d 2007  |p 150 с. 
600 1 |a Жуков  |b В. К.  |c российский ученый, электрофизик  |c Заслуженный профессор Томского политехнического университета  |f 1937-  |g Владимир Константинович  |y Томск  |2 stltpush  |3 (RuTPU)RU\TPU\pers\19785 
610 1 |a труды учёных ТПУ 
610 1 |a электронный ресурс 
801 1 |a RU  |b 63413507  |c 20090623  |g PSBO 
801 2 |a RU  |b 63413507  |c 20211118  |g PSBO 
856 4 |u http://www.lib.tpu.ru/fulltext/v/Bulletin_TPU/2007/v311/i5/31.pdf 
942 |c CF